[Event "4NCL Division 4 South"]
[Site "Telford, ENG ENG"]
[Date "2016.02.13"]
[Round "5.155"]
[White "Szymanski, Mark"]
[Black "Higgs, Anthony R J"]
[Result "1-0"]
[WhiteElo "1867"]
[BlackElo "1976"]
[PlyCount "113"]
[EventDate "2016.02.13"]
[WhiteTeam "Iceni 2"]
[BlackTeam "Sussex Martlets 2"]

1. d4 d5 2. Nf3 Bf5 3. c4 c6 4. Nc3 e6 5. e3 Be7 6. Qb3 Qb6 7. Be2 Nd7 8. O-O
h6 9. cxd5 exd5 10. Nd2 Ngf6 11. Qxb6 Nxb6 12. a3 O-O 13. b3 Rfe8 14. Bb2 Bd6
15. Rac1 Re7 16. b4 a6 17. h3 Rae8 18. Rfe1 h5 19. Nb3 g5 20. Nc5 g4 21. hxg4
hxg4 22. g3 Kg7 23. Kg2 Rh8 24. Rh1 Rh3 25. Rxh3 gxh3+ 26. Kh2 Ng4+ 27. Bxg4
Bxg4 28. Re1 Nc4 29. Bc1 f5 30. Ne2 Kf6 31. Nf4 Bxf4 32. gxf4 Nd6 33. e4 fxe4
34. Rg1 Kf5 35. Be3 Ne8 36. Nb3 Nf6 37. Nd2 Nh5 38. Nf1 Rg7 39. Bc1 Rg6 40.
Ne3+ Kf6 41. Nxg4+ Ke7 42. f5 Rg8 43. f6+ Nxf6 44. Nxf6 Rxg1 45. Nxd5+ Kd6 46.
Kxg1 Kxd5 47. Be3 Kc4 48. Kh2 Kb3 49. Kxh3 Kxa3 50. Kg4 Kxb4 51. Kf4 b5 52.
Kxe4 Kc3 53. d5 cxd5+ 54. Kxd5 b4 55. Bd4+ Kd3 56. f4 a5 57. f5 1-0

[Event "4NCL Division 4 South"]
[Site "Telford, ENG ENG"]
[Date "2016.02.13"]
[Round "5.156"]
[White "Graham, William M"]
[Black "Pott, Laurie"]
[Result "0-1"]
[WhiteElo "1818"]
[BlackElo "1704"]
[PlyCount "86"]
[EventDate "2016.02.13"]
[WhiteTeam "Sussex Martlets 2"]
[BlackTeam "Iceni 2"]

1. c4 Nf6 2. g3 g6 3. Bg2 c5 4. Nc3 Bg7 5. e4 e5 6. d3 Nc6 7. Nf3 d6 8. O-O O-O
9. h3 Bd7 10. Nh4 Qc8 11. Kh2 a6 12. f4 h6 13. fxe5 Nxe5 14. Nf3 Kh7 15. Bf4 b5
16. Bxe5 dxe5 17. Nxe5 b4 18. Nxd7 Nxd7 19. Na4 Qc7 20. Rb1 Rad8 21. Qc2 Ne5
22. Rbd1 Rd4 23. a3 a5 24. axb4 axb4 25. b3 Rfd8 26. Nb2 Qd6 27. Rfe1 h5 28.
Qe2 h4 29. Qf2 hxg3+ 30. Qxg3 Ng4+ 31. hxg4 Be5 32. Re3 Kg7 33. Bh3 Bxg3+ 34.
Rxg3 Ra8 35. Na4 Rxe4 36. Nxc5 Re2+ 37. Bg2 Qxc5 38. d4 Qc7 39. Rdd3 Raa2 40.
Kg1 Qf4 41. d5 Qc1+ 42. Bf1 Rf2 43. Rgf3 Qxf1# 0-1

[Event "4NCL Division 4 South"]
[Site "Telford, ENG ENG"]
[Date "2016.02.13"]
[Round "5.157"]
[White "Carter, Dominic A"]
[Black "Blake, J Morgan"]
[Result "0-1"]
[WhiteElo "1676"]
[BlackElo "1754"]
[PlyCount "122"]
[EventDate "2016.02.13"]
[WhiteTeam "Iceni 2"]
[BlackTeam "Sussex Martlets 2"]

1. b3 e6 2. Bb2 Nf6 3. e3 d5 4. Nf3 c5 5. c4 dxc4 6. Bxc4 a6 7. O-O Nc6 8. Na3
b5 9. Be2 Bb7 10. Rc1 Qa5 11. Ra1 Be7 12. Qc1 Rc8 13. Bc3 Qc7 14. Nc2 e5 15.
Qb2 Bd6 16. b4 c4 17. h3 O-O 18. a4 Nd5 19. axb5 axb5 20. Ng5 Nxc3 21. dxc3 Be7
22. Nf3 Bf6 23. Na3 Qb6 24. Qc2 Ne7 25. Rac1 Ra8 26. Nb1 e4 27. Nd4 Bxd4 28.
exd4 Qg6 29. Rfe1 Nd5 30. Bf1 Nf4 31. Re3 f5 32. Rg3 Qe6 33. Qd2 Nh5 34. Rg5 g6
35. Qe2 Nf4 36. Qe3 Nd5 37. Qg3 Kf7 38. Qh4 h6 39. Rg3 g5 40. Qh5+ Kg7 41. Qd1
f4 42. Rg4 e3 43. Qf3 Ra2 44. fxe3 Qxe3+ 45. Qxe3 Nxe3 46. Re1 Nxg4 47. hxg4
Rb2 48. Na3 Bc6 49. Re6 Bd7 50. Rb6 Ra8 51. Nxb5 Bxb5 52. Rxb5 Ra1 53. Ra5 Rc1
54. Ra7+ Kf6 55. Ra6+ Ke7 56. Ra7+ Kd6 57. Ra6+ Kc7 58. d5 Rbb1 59. Rc6+ Kd7
60. Rxc4 Rxf1+ 61. Kh2 Rh1# 0-1

[Event "4NCL Division 4 South"]
[Site "Telford, ENG ENG"]
[Date "2016.02.13"]
[Round "5.159"]
[White "Somton, Anita"]
[Black "Finn, Thomas"]
[Result "0-1"]
[WhiteElo "1502"]
[BlackElo "1612"]
[PlyCount "74"]
[EventDate "2016.02.13"]
[WhiteTeam "Iceni 2"]
[BlackTeam "Sussex Martlets 2"]

1. d4 d5 2. c4 e6 3. Nf3 Nf6 4. g3 c5 5. cxd5 exd5 6. Bg2 Nc6 7. O-O Be7 8. Nc3
Bg4 9. dxc5 Bxc5 10. Bg5 d4 11. Bxf6 Qxf6 12. Ne4 Qe7 13. Nxc5 Qxc5 14. Rc1 Qb6
15. Qd2 O-O 16. Rfd1 Rad8 17. Qd3 Rfe8 18. b3 Nb4 19. Qd2 d3 20. e3 Nc2 21. Qc3
Rxe3 22. fxe3 Qxe3+ 23. Kh1 Bxf3 24. Rf1 Bxg2+ 25. Kxg2 Qe4+ 26. Kg1 d2 27. Qc7
Qd4+ 28. Kh1 Qd5+ 29. Kg1 dxc1=Q 30. Rxc1 Ne3 31. Kf2 Ng4+ 32. Kg1 Qd4+ 33. Kh1
Qe4+ 34. Kg1 Qe3+ 35. Kh1 Qf3+ 36. Kg1 Qf2+ 37. Kh1 Qxh2# 0-1

[Event "4NCL Division 4 South"]
[Site "Telford, ENG ENG"]
[Date "2016.02.13"]
[Round "5.160"]
[White "Finn, Daniel"]
[Black "Rowles, Sarah"]
[Result "1-0"]
[WhiteElo "1432"]
[BlackElo "1420"]
[PlyCount "119"]
[EventDate "2016.02.13"]
[WhiteTeam "Sussex Martlets 2"]
[BlackTeam "Iceni 2"]

1. d4 d5 2. c4 e6 3. Nc3 Nf6 4. Bg5 Be7 5. e3 O-O 6. Nf3 Ne4 7. Nxe4 dxe4 8.
Bxe7 Qxe7 9. Nd2 e5 10. d5 Bf5 11. Be2 Nd7 12. O-O Qg5 13. Kh1 Rfe8 14. Rc1
Rad8 15. Rc3 c5 16. Nb3 b6 17. Nd2 Nf8 18. Qb1 Qg6 19. Bd1 Nd7 20. Bc2 Nf6 21.
Rg1 Ng4 22. Rf1 Qh5 23. h3 Qh4 24. Kg1 Nf6 25. Bd1 Rd6 26. Be2 Qg5 27. Kh1 Qh4
28. Qd1 Qg5 29. f3 Nh5 30. Rf2 Ng3+ 31. Kh2 Rh6 32. Nf1 Nh5 33. fxe4 Bxe4 34.
Bxh5 Rxh5 35. Ng3 Rh4 36. Nxe4 Rxe4 37. Rxf7 Kxf7 38. Qf3+ Rf4 39. exf4 exf4
40. b3 Qe5 41. a4 g5 42. Qh5+ Kg7 43. Rf3 Rd8 44. h4 Rd6 45. Qxg5+ Qxg5 46.
hxg5 Rg6 47. Rxf4 Rxg5 48. Kh3 Re5 49. Kg3 Kg6 50. Kf3 h5 51. g3 Re1 52. Re4
Rf1+ 53. Kg2 Rd1 54. Re3 Rd2+ 55. Kf3 Rd1 56. Ke4 Rd4+ 57. Ke5 Kf7 58. Kd6 Rg4
59. Kc7 Rg6 60. d6 1-0

[Event "4NCL Division 4 South"]
[Site "Telford, ENG ENG"]
[Date "2016.02.13"]
[Round "5.165"]
[White "Botham, C Paul"]
[Black "Gilbert, Jonathan A"]
[Result "1/2-1/2"]
[WhiteElo "1992"]
[BlackElo "2047"]
[PlyCount "34"]
[EventDate "2016.02.13"]
[WhiteTeam "Iceni 1"]
[BlackTeam "The Full Ponty"]

1. c4 c5 2. Nf3 Nf6 3. g3 d5 4. cxd5 Nxd5 5. Nc3 Nc7 6. d4 e6 7. Bf4 Nc6 8.
dxc5 Nd5 9. Nxd5 exd5 10. Bg2 Bxc5 11. O-O O-O 12. Rc1 Bb6 13. Ne5 Ne7 14. Nd3
Bd7 15. Nc5 Bc6 16. Qd3 Ng6 17. Be3 Ne5 1/2-1/2

[Event "4NCL Division 4 South"]
[Site "Telford, ENG ENG"]
[Date "2016.02.13"]
[Round "5.166"]
[White "Davis, Lee"]
[Black "Feavyour, John A"]
[Result "1-0"]
[WhiteElo "1967"]
[BlackElo "1979"]
[PlyCount "57"]
[EventDate "2016.02.13"]
[WhiteTeam "The Full Ponty"]
[BlackTeam "Iceni 1"]

1. d4 Nf6 2. g3 d5 3. Bg2 c6 4. Nf3 e6 5. O-O Bd6 6. c4 O-O 7. Nc3 Nbd7 8. Nd2
Re8 9. e4 dxe4 10. Ndxe4 Nxe4 11. Nxe4 Bf8 12. Be3 e5 13. d5 cxd5 14. Qxd5 Nb6
15. Qxd8 Rxd8 16. b3 f5 17. Nc3 e4 18. Nb5 Rd3 19. Rfd1 Rxe3 20. fxe3 Bc5 21.
Rd8+ Kf7 22. Kf2 a6 23. Nc7 Rb8 24. Rad1 Be7 25. Rh8 h6 26. Nd5 Nxd5 27. Rxd5
b5 28. Rxf5+ Kg6 29. Bxe4 1-0

[Event "4NCL Division 4 South"]
[Site "Telford, ENG ENG"]
[Date "2016.02.13"]
[Round "5.167"]
[White "Dickson, George"]
[Black "Adams, Mark"]
[Result "1/2-1/2"]
[WhiteElo "2016"]
[BlackElo "1984"]
[PlyCount "51"]
[EventDate "2016.02.13"]
[WhiteTeam "Iceni 1"]
[BlackTeam "The Full Ponty"]

1. d4 Nf6 2. Bf4 e6 3. e3 Be7 4. Bd3 d6 5. Nf3 Nbd7 6. c4 O-O 7. Nc3 Re8 8. O-O
b6 9. e4 Nh5 10. Be3 g6 11. e5 Bb7 12. Be4 Bxe4 13. Nxe4 Qc8 14. Re1 Rd8 15.
exd6 cxd6 16. Nfd2 Ng7 17. Qf3 Rf8 18. Qh3 Qd8 19. Nf3 h5 20. Bh6 Re8 21. Neg5
Bf6 22. Bxg7 Bxg5 23. Qg3 Kxg7 24. Nxg5 Nf6 25. Rac1 Rc8 26. h3 1/2-1/2

[Event "4NCL Division 4 South"]
[Site "Telford, ENG ENG"]
[Date "2016.02.13"]
[Round "5.168"]
[White "Davies, Peter"]
[Black "Kenning, Paul H"]
[Result "1-0"]
[WhiteElo "2016"]
[BlackElo "1866"]
[PlyCount "59"]
[EventDate "2016.02.13"]
[WhiteTeam "The Full Ponty"]
[BlackTeam "Iceni 1"]

1. e4 d6 2. d4 Nf6 3. Nc3 c6 4. f4 Qa5 5. Bd3 e5 6. Nf3 exd4 7. Nxd4 g6 8. Qe2
Bg7 9. Nb3 Qc7 10. a4 O-O 11. O-O Nbd7 12. e5 dxe5 13. f5 Nd5 14. Qf3 Nb4 15.
Be3 Nxd3 16. cxd3 b6 17. Nd2 Ba6 18. Nc4 Rae8 19. Ne4 Bxc4 20. dxc4 Nf6 21.
Rad1 Nxe4 22. Qxe4 Rd8 23. c5 Rxd1 24. Rxd1 Rc8 25. Rd6 Bf8 26. Qxe5 Bxd6 27.
cxd6 Qd8 28. Bd4 f6 29. Qxf6 Qf8 30. Qe6+ 1-0

[Event "4NCL Division 4 South"]
[Site "Telford, ENG ENG"]
[Date "2016.02.13"]
[Round "5.169"]
[White "Collins, Jonathan"]
[Black "Perrett, David C"]
[Result "1/2-1/2"]
[WhiteElo "1885"]
[BlackElo "1930"]
[PlyCount "113"]
[EventDate "2016.02.13"]
[WhiteTeam "Iceni 1"]
[BlackTeam "The Full Ponty"]

1. d4 f5 2. Bg5 Nf6 3. Bxf6 exf6 4. g3 c6 5. c4 d5 6. Nc3 dxc4 7. Bg2 Be6 8.
Nh3 Bb4 9. Nf4 Bf7 10. e3 O-O 11. Qc2 Re8 12. Rd1 Qa5 13. O-O g6 14. d5 Bxc3
15. Qxc3 Qxc3 16. bxc3 g5 17. dxc6 Nxc6 18. Nd5 Bxd5 19. Bxd5+ Kf8 20. Bxc6
bxc6 21. Rd6 Kf7 22. Rb1 f4 23. exf4 gxf4 24. gxf4 Kg6 25. f5+ Kxf5 26. Rxc6
Re2 27. Rb5+ Kg6 28. Rxc4 Rxa2 29. Rg4+ Kh6 30. Rf5 Rf8 31. Rf3 Ra5 32. Rh3+
Rh5 33. Rxh5+ Kxh5 34. Rg7 Rc8 35. Rxh7+ Kg5 36. Rxa7 Rxc3 37. Ra4 Rb3 38. Kg2
f5 39. h4+ Kg6 40. Ra6+ Kh5 41. Ra5 Kg4 42. h5 Rb6 43. f3+ Kf4 44. Ra4+ Kg5 45.
Kg3 Kxh5 46. Kf4 Kg6 47. Rd4 Kf6 48. Ra4 Rc6 49. Ra8 Rc4+ 50. Kg3 Kf7 51. Ra6
Rb4 52. Rh6 Ra4 53. Rh4 Rxh4 54. Kxh4 Kg6 55. Kg3 Kg5 56. f4+ Kh5 57. Kh3
1/2-1/2

[Event "4NCL Division 4 South"]
[Site "Telford, ENG ENG"]
[Date "2016.02.13"]
[Round "5.170"]
[White "Dixon, Chris"]
[Black "Ukken, Somton"]
[Result "0-1"]
[WhiteElo "1813"]
[BlackElo "1887"]
[PlyCount "58"]
[EventDate "2016.02.13"]
[WhiteTeam "The Full Ponty"]
[BlackTeam "Iceni 1"]

1. Nf3 Nf6 2. g3 d5 3. Bg2 c5 4. O-O Nc6 5. d3 Bf5 6. Nbd2 e6 7. Re1 Be7 8. e4
dxe4 9. dxe4 Nxe4 10. Ne5 Nxe5 11. Bxe4 Bxe4 12. Rxe4 Nc6 13. c3 O-O 14. Qe1
Qd3 15. Re3 Qd5 16. c4 Qf5 17. Nb3 Rfd8 18. Qe2 Bf6 19. Re4 b6 20. Kg2 Rd7 21.
g4 Qg6 22. f4 Rdd8 23. Qf3 Nd4 24. Nxd4 Bxd4 25. h4 f5 26. Re2 fxg4 27. Qc6 Re8
28. Bd2 Qd3 29. Rae1 Qh3# 0-1

[Event "4NCL Division 4 South"]
[Site "Telford, ENG ENG"]
[Date "2016.02.13"]
[Round "5.175"]
[White "Gregory, Andrew M"]
[Black "Willmoth, Robert F"]
[Result "0-1"]
[WhiteElo "1960"]
[BlackElo "2230"]
[PlyCount "68"]
[EventDate "2016.02.13"]
[WhiteTeam "West is Best 2"]
[BlackTeam "Barnet Knights 1"]

1. g3 e5 2. Bg2 d6 3. d3 f5 4. e3 Nf6 5. Ne2 Be7 6. c4 O-O 7. Nbc3 c6 8. O-O
Be6 9. b3 Nbd7 10. Bb2 d5 11. cxd5 cxd5 12. Rc1 a6 13. h3 Bf7 14. Kh2 Rc8 15.
f4 Bd6 16. fxe5 Nxe5 17. Qd2 g6 18. Nf4 Bb8 19. Na4 Qe7 20. Rxc8 Rxc8 21. Nb6
Rd8 22. Rc1 Qd6 23. Nc8 Qd7 24. Nb6 Qb5 25. Bd4 g5 26. a4 Qxb3 27. Rc3 Qb4 28.
Bc5 Qa5 29. Ne2 Ba7 30. Be7 Qxb6 31. Bxd8 Qxd8 32. e4 dxe4 33. Qxg5+ Bg6 34.
dxe4 Nfg4+ 0-1

[Event "4NCL Division 4 South"]
[Site "Telford, ENG ENG"]
[Date "2016.02.13"]
[Round "5.176"]
[White "Eden, Tomer"]
[Black "Davies, Matthew"]
[Result "1/2-1/2"]
[WhiteElo "2222"]
[BlackElo "1944"]
[PlyCount "122"]
[EventDate "2016.02.13"]
[WhiteTeam "Barnet Knights 1"]
[BlackTeam "West is Best 2"]

1. e4 e6 2. d4 d5 3. Nd2 c5 4. exd5 exd5 5. Ngf3 Nf6 6. Be2 Nc6 7. O-O Bd6 8.
dxc5 Bxc5 9. Nb3 Be7 10. Be3 O-O 11. c3 Be6 12. Nbd4 Qd7 13. Nxe6 fxe6 14. c4
Rad8 15. cxd5 exd5 16. Rc1 Bd6 17. Nd4 Nxd4 18. Bxd4 Bb8 19. Qb3 Ne4 20. Rfd1
Qf7 21. Be3 b6 22. Rd4 Kh8 23. Bf3 Be5 24. Ra4 d4 25. Qxf7 Rxf7 26. Bxd4 Nc5
27. Bxc5 bxc5 28. Rxc5 Bxb2 29. Rc2 Bf6 30. g3 g6 31. Kg2 Kg7 32. Be4 Rfd7 33.
Rac4 Bd4 34. Bc6 Rd6 35. Re2 Rc8 36. Bd5 Rxc4 37. Bxc4 Kf6 38. h4 Bb6 39. f4 h5
40. Kf3 Rc6 41. Re4 Kf5 42. a4 a5 43. Re5+ Kf6 44. Bd3 Rc5 45. Re8 Rc7 46. Rb8
Bd4 47. Rb5 Bc3 48. Rg5 Rg7 49. f5 Bd2 50. Rxg6+ Rxg6 51. fxg6 Be1 52. Kg2 Kg7
53. Kh3 Kh6 54. Kg2 Kg7 55. Kf3 Kh6 56. Kf4 Bf2 57. Kf5 Bxg3 58. Kf6 Be1 59.
Kf7 Bc3 60. Be2 Bd4 61. Bxh5 Bc3 1/2-1/2

[Event "4NCL Division 4 South"]
[Site "Telford, ENG ENG"]
[Date "2016.02.13"]
[Round "5.177"]
[White "Steele, Rhys"]
[Black "Cavendish, Joshua Z"]
[Result "1-0"]
[WhiteElo "1855"]
[BlackElo "1922"]
[PlyCount "109"]
[EventDate "2016.02.13"]
[WhiteTeam "West is Best 2"]
[BlackTeam "Barnet Knights 1"]

1. d4 Nf6 2. c4 e5 3. dxe5 Ng4 4. Bf4 Nc6 5. Nf3 Bb4+ 6. Nbd2 Qe7 7. e3 Ngxe5
8. Nxe5 Nxe5 9. Be2 O-O 10. O-O a5 11. Qc2 d6 12. Rfd1 Bg4 13. Nb3 Bxe2 14.
Qxe2 a4 15. Nd4 Nd7 16. Qf3 Nc5 17. Nf5 Qf6 18. Qg4 Ne6 19. Rab1 h5 20. Qxh5
Nxf4 21. exf4 g6 22. Nh6+ Kg7 23. Qg5 Qxg5 24. fxg5 Rae8 25. Ng4 Re4 26. Ne3
Bc5 27. b3 a3 28. Re1 Rfe8 29. Kf1 Bxe3 30. Rxe3 Rxe3 31. fxe3 Rxe3 32. Re1 Rc3
33. Re2 Rc1+ 34. Kf2 c6 35. Rd2 Kf8 36. Ke3 Re1+ 37. Re2 Rxe2+ 38. Kxe2 Ke7 39.
Ke3 Ke6 40. Ke4 f6 41. gxf6 Kxf6 42. h4 Kg7 43. g4 Kf7 44. b4 Ke6 45. h5 Kf6
46. h6 g5 47. h7 Kg7 48. Kf5 Kxh7 49. Ke6 Kg7 50. Kxd6 Kf6 51. c5 Kf7 52. Ke5
Kg6 53. Ke6 Kg7 54. Kf5 Kh6 55. Kf6 1-0

[Event "4NCL Division 4 South"]
[Site "Telford, ENG ENG"]
[Date "2016.02.13"]
[Round "5.178"]
[White "Karia, Rishul"]
[Black "Staniforth, Matthew"]
[Result "1/2-1/2"]
[WhiteElo "1937"]
[BlackElo "1874"]
[PlyCount "95"]
[EventDate "2016.02.13"]
[WhiteTeam "Barnet Knights 1"]
[BlackTeam "West is Best 2"]

1. e4 d5 2. exd5 Nf6 3. d4 Bg4 4. Be2 Bxe2 5. Nxe2 Qxd5 6. O-O Nc6 7. b3 O-O-O
8. Bb2 e5 9. c4 Qd7 10. d5 Qf5 11. Nd2 Bc5 12. Qb1 Qg4 13. Re1 Rhe8 14. h3 Qh4
15. Qf5+ Kb8 16. Ng3 Qxg3 17. Nf1 Bxf2+ 18. Qxf2 Qxf2+ 19. Kxf2 Nb4 20. Rad1 e4
21. Bxf6 gxf6 22. Re2 f5 23. Ng3 c6 24. Nxf5 cxd5 25. cxd5 Nd3+ 26. Kf1 Rxd5
27. g4 Kc7 28. Ng3 Rde5 29. Rxe4 Rxe4 30. Nxe4 Nb4 31. Nf6 Re6 32. Nd5+ Nxd5
33. Rxd5 Ra6 34. Rf5 f6 35. a4 Rb6 36. Rf3 Re6 37. Kf2 Kc6 38. Kg3 Kd5 39. Kf4
Kd4 40. Kf5 Rc6 41. h4 a6 42. g5 fxg5 43. hxg5 b5 44. axb5 axb5 45. Rh3 Rc7 46.
Ke6 b4 47. Kf6 Rc6+ 48. Kf5 1/2-1/2

[Event "4NCL Division 4 South"]
[Site "Telford, ENG ENG"]
[Date "2016.02.13"]
[Round "5.179"]
[White "Griffiths, Hywel"]
[Black "Hung, Jake"]
[Result "1/2-1/2"]
[WhiteElo "1826"]
[BlackElo "1810"]
[PlyCount "79"]
[EventDate "2016.02.13"]
[WhiteTeam "West is Best 2"]
[BlackTeam "Barnet Knights 1"]

1. e4 c6 2. d4 d5 3. Nc3 dxe4 4. Nxe4 Bf5 5. Ng3 Bg6 6. h4 h6 7. Nf3 Nd7 8. h5
Bh7 9. Bd3 Bxd3 10. Qxd3 Qa5+ 11. Bd2 Qc7 12. O-O-O Ngf6 13. Ne4 O-O-O 14. g3
Nxe4 15. Qxe4 e6 16. Qf4 Bd6 17. Qxf7 Rhf8 18. Qxg7 Rxf3 19. Qxh6 Rxf2 20. g4
Rxd2 21. Rxd2 Bf4 22. Qxe6 Bxd2+ 23. Kxd2 Qf4+ 24. Qe3 Qxg4 25. Rh2 Nf6 26. Qh3
Qxh3 27. Rxh3 Rxd4+ 28. Ke3 Rd7 29. Kf4 Rd5 30. h6 Rd7 31. Kf5 Nh7 32. Rg3 Rf7+
33. Kg6 Re7 34. Rf3 Kd7 35. Rf7 Rxf7 36. Kxf7 Ng5+ 37. Kg6 Ne6 38. Kf6 Nf8 39.
Kf7 Ne6 40. Kf6 1/2-1/2

[Event "4NCL Division 4 South"]
[Site "Telford, ENG ENG"]
[Date "2016.02.13"]
[Round "5.180"]
[White "Balouka Myers, Gabriel"]
[Black "Smith, Steve"]
[Result "0-1"]
[WhiteElo "1855"]
[BlackElo "1687"]
[PlyCount "70"]
[EventDate "2016.02.13"]
[WhiteTeam "Barnet Knights 1"]
[BlackTeam "West is Best 2"]

1. Nf3 d5 2. g3 Nf6 3. Bg2 Bf5 4. c4 c6 5. cxd5 cxd5 6. O-O e6 7. d3 Nc6 8. Nc3
Be7 9. Qb3 Qd7 10. Rd1 Bg6 11. e4 d4 12. Ne2 O-O 13. Bd2 Rac8 14. Nf4 Rfd8 15.
Nxg6 hxg6 16. Ne1 Rc7 17. f4 Rdc8 18. a3 a6 19. Qa2 b5 20. b4 Ng4 21. h3 Ne3
22. Bxe3 dxe3 23. Qe2 Nd4 24. Qxe3 Nb3 25. Rab1 Rc3 26. Qf2 Qd4 27. Qxd4 Nxd4
28. Ra1 g5 29. Rd2 gxf4 30. gxf4 Nb3 31. Rad1 Nxd2 32. Rxd2 Rc1 33. Kf1 Bh4 34.
Re2 Ra1 35. d4 Rcc1 0-1

[Event "4NCL Division 4 South"]
[Site "Telford, ENG ENG"]
[Date "2016.02.13"]
[Round "5.185"]
[White "Price, Andrew"]
[Black "George, Andrew P"]
[Result "1/2-1/2"]
[WhiteElo "1892"]
[BlackElo "1982"]
[PlyCount "88"]
[EventDate "2016.02.13"]
[WhiteTeam "Throw in the Tal 1"]
[BlackTeam "Ashfield-Breadsall 2"]

1. e4 g6 2. d4 Bg7 3. Nf3 c5 4. Nc3 cxd4 5. Nxd4 Nc6 6. Be3 d6 7. Qd2 Nxd4 8.
Bxd4 Nf6 9. f3 O-O 10. Bc4 Bd7 11. O-O Rc8 12. Bb3 a6 13. Rad1 b5 14. e5 dxe5
15. Bxe5 b4 16. Nd5 Nxd5 17. Qxd5 e6 18. Qd4 Bxe5 19. Qxe5 Qb6+ 20. Qd4 Qxd4+
21. Rxd4 Bb5 22. Rfd1 a5 23. a4 bxa3 24. bxa3 a4 25. Bxa4 Bxa4 26. Rxa4 Rxc2
27. Ra7 Rb8 28. h3 Rbb2 29. Rd8+ Kg7 30. Rdd7 Rxg2+ 31. Kh1 Rge2 32. Rxf7+ Kh6
33. Rxh7+ Kg5 34. f4+ Kf5 35. Ra5+ Kf6 36. Rg5 Ra2 37. Rh6 Re1+ 38. Rg1 Rxg1+
39. Kxg1 Rxa3 40. Kf2 Kf5 41. Rh4 Ra4 42. Kg3 Ra3+ 43. Kg2 Ra2+ 44. Kg3 Ra3+
1/2-1/2

[Event "4NCL Division 4 South"]
[Site "Telford, ENG ENG"]
[Date "2016.02.13"]
[Round "5.186"]
[White "Burke, Steven J"]
[Black "Ireland, David J"]
[Result "0-1"]
[WhiteElo "1932"]
[BlackElo "1916"]
[PlyCount "50"]
[EventDate "2016.02.13"]
[WhiteTeam "Ashfield-Breadsall 2"]
[BlackTeam "Throw in the Tal 1"]

1. d4 Nf6 2. Nf3 c5 3. e3 d5 4. c3 Bf5 5. Bb5+ Nc6 6. Ne5 Qb6 7. Qa4 Rc8 8. O-O
e6 9. Nd2 Bd6 10. Ndf3 O-O 11. Bxc6 bxc6 12. Qd1 h6 13. b3 cxd4 14. cxd4 c5 15.
dxc5 Rxc5 16. Ba3 Rc7 17. Bxd6 Qxd6 18. Rc1 Rfc8 19. Rxc7 Qxc7 20. Qd4 Ne4 21.
g4 Bh7 22. Nd3 Nc3 23. Kg2 Nb5 24. Qb4 Bxd3 25. Rd1 Be2 0-1

[Event "4NCL Division 4 South"]
[Site "Telford, ENG ENG"]
[Date "2016.02.13"]
[Round "5.187"]
[White "Marlow, Ben"]
[Black "Truman, Richard G"]
[Result "1/2-1/2"]
[WhiteElo "1967"]
[BlackElo "1968"]
[PlyCount "35"]
[EventDate "2016.02.13"]
[WhiteTeam "Throw in the Tal 1"]
[BlackTeam "Ashfield-Breadsall 2"]

1. c4 g6 2. Nc3 Bg7 3. g3 Nf6 4. Bg2 O-O 5. Nf3 d5 6. cxd5 Nxd5 7. Nxd5 Qxd5 8.
O-O c5 9. d3 Nc6 10. a3 Qd7 11. Rb1 b6 12. Be3 Bb7 13. Qd2 Rfd8 14. Bh6 Bh8 15.
Rfd1 Nd4 16. Nxd4 Bxg2 17. Kxg2 Qxd4 18. Qe3 1/2-1/2

[Event "4NCL Division 4 South"]
[Site "Telford, ENG ENG"]
[Date "2016.02.13"]
[Round "5.188"]
[White "Taylor, Robert P"]
[Black "Goodwin, Ed H"]
[Result "0-1"]
[WhiteElo "1918"]
[BlackElo "1874"]
[PlyCount "72"]
[EventDate "2016.02.13"]
[WhiteTeam "Ashfield-Breadsall 2"]
[BlackTeam "Throw in the Tal 1"]

1. d4 e6 2. Nf3 f5 3. Bg5 Be7 4. h4 Nf6 5. Nc3 b6 6. e3 Bb7 7. Bd3 Ne4 8. Bxe4
fxe4 9. Ne5 O-O 10. Qg4 Nc6 11. O-O-O Nxe5 12. dxe5 Rf5 13. Bh6 Bf8 14. Bf4 Qe8
15. h5 a6 16. Ne2 d5 17. Ng3 Rf7 18. h6 Kh8 19. Nh5 g6 20. Nf6 Rxf6 21. exf6 e5
22. f7 Qxf7 23. Bxe5+ Kg8 24. Qf4 Qxf4 25. Bxf4 c5 26. Rd2 b5 27. Bg5 Bd6 28.
Rhd1 Kf7 29. b3 Be5 30. Rxd5 Bxd5 31. Rxd5 Ke6 32. Rxc5 Rf8 33. Rc6+ Kd5 34.
Rxa6 Rxf2 35. Ra5 Bc3 36. Rxb5+ Kc6 0-1

[Event "4NCL Division 4 South"]
[Site "Telford, ENG ENG"]
[Date "2016.02.13"]
[Round "5.189"]
[White "Byrne, Nigel"]
[Black "Flynn, David"]
[Result "0-1"]
[WhiteElo "1816"]
[BlackElo "1851"]
[PlyCount "72"]
[EventDate "2016.02.13"]
[WhiteTeam "Throw in the Tal 1"]
[BlackTeam "Ashfield-Breadsall 2"]

1. e4 c5 2. c3 d5 3. exd5 Qxd5 4. d4 g6 5. Nf3 Bg7 6. Be2 Nh6 7. O-O Nf5 8. c4
Qd6 9. Nc3 cxd4 10. Nb5 Qb6 11. Bf4 Na6 12. g4 Nd6 13. Be5 Bxe5 14. Nxe5 f6 15.
Nxd6+ Qxd6 16. Nd3 O-O 17. Bf3 Nc5 18. Rc1 Rb8 19. Re1 e5 20. h3 Bd7 21. b3
Nxd3 22. Qxd3 b6 23. Bd5+ Kg7 24. Rcd1 b5 25. Qg3 Rb6 26. h4 bxc4 27. Bxc4 Re8
28. f3 Bb5 29. Bxb5 Rxb5 30. Qf2 Rc8 31. Qd2 Rbc5 32. Qb4 Qb6 33. Qa4 R8c7 34.
Qa3 Rc2 35. Rf1 d3+ 36. Kh1 Qe3 0-1

[Event "4NCL Division 4 South"]
[Site "Telford, ENG ENG"]
[Date "2016.02.13"]
[Round "5.190"]
[White "Graham, Neil"]
[Black "Scott, Ian D"]
[Result "1/2-1/2"]
[WhiteElo "1830"]
[BlackElo "1757"]
[PlyCount "39"]
[EventDate "2016.02.13"]
[WhiteTeam "Ashfield-Breadsall 2"]
[BlackTeam "Throw in the Tal 1"]

1. d4 Nf6 2. f3 d5 3. e4 dxe4 4. Nc3 exf3 5. Nxf3 Bg4 6. h3 Bh5 7. g4 Bg6 8.
Ne5 e6 9. Bg2 c6 10. h4 Bb4 11. h5 Be4 12. Bxe4 Nxe4 13. Qf3 Nd6 14. O-O O-O
15. Ne2 Nd7 16. Nd3 Ba5 17. Bf4 Bc7 18. Ng3 Rc8 19. b3 Nb5 20. Bxc7 1/2-1/2

[Event "4NCL Division 4 South"]
[Site "Telford, ENG ENG"]
[Date "2016.02.13"]
[Round "5.195"]
[White "Zdanowski, Adrian"]
[Black "Munshi, Aditya"]
[Result "1-0"]
[WhiteElo "1967"]
[BlackElo "1930"]
[PlyCount "61"]
[EventDate "2016.02.13"]
[WhiteTeam "Shropshire 2"]
[BlackTeam "Midland Monarchs 2"]

1. d4 Nf6 2. Nf3 e6 3. c4 b6 4. g3 Ba6 5. Qc2 Bb4+ 6. Bd2 Be7 7. Bg2 c6 8. b4
d5 9. c5 bxc5 10. bxc5 Nbd7 11. Na3 Qc7 12. Qa4 Bb7 13. Bf4 Qc8 14. O-O O-O 15.
Rab1 Ne4 16. Qc2 f6 17. Nd2 Nxd2 18. Bxd2 e5 19. e3 e4 20. Rfc1 f5 21. Bf1 Rf6
22. Qa4 Rh6 23. Qb4 Rb8 24. Qa5 Qe8 25. Nc2 Qh5 26. h3 Bxc5 27. dxc5 Ne5 28.
Ne1 Re8 29. Rxb7 g5 30. Qc7 Rg6 31. Bc3 1-0

[Event "4NCL Division 4 South"]
[Site "Telford, ENG ENG"]
[Date "2016.02.13"]
[Round "5.196"]
[White "Mirza, Diana"]
[Black "Tarr, Steve F"]
[Result "1-0"]
[WhiteElo "1872"]
[BlackElo "1900"]
[PlyCount "41"]
[EventDate "2016.02.13"]
[WhiteTeam "Midland Monarchs 2"]
[BlackTeam "Shropshire 2"]

1. e4 c5 2. Nf3 d6 3. c3 Nf6 4. h3 g6 5. Bd3 Bg7 6. O-O O-O 7. Bc2 Nc6 8. d4
cxd4 9. cxd4 d5 10. e5 Ne4 11. Re1 f5 12. Nc3 Nxc3 13. bxc3 Na5 14. Bb3 e6 15.
Ba3 Rf7 16. Qe2 b6 17. Qd2 Rc7 18. Bd6 Nc4 19. Bxc7 Nxd2 20. Bxd8 Nxf3+ 21.
gxf3 1-0

[Event "4NCL Division 4 South"]
[Site "Telford, ENG ENG"]
[Date "2016.02.13"]
[Round "5.197"]
[White "Lewis, Christopher D"]
[Black "Holton, Jake"]
[Result "1/2-1/2"]
[WhiteElo "1892"]
[BlackElo "1862"]
[PlyCount "83"]
[EventDate "2016.02.13"]
[WhiteTeam "Shropshire 2"]
[BlackTeam "Midland Monarchs 2"]

1. e4 e6 2. d4 d5 3. Nd2 Nf6 4. e5 Nfd7 5. Bd3 c5 6. c3 b6 7. Qg4 Ba6 8. Bxa6
Nxa6 9. Ne2 cxd4 10. cxd4 Nb4 11. O-O h5 12. Qg3 b5 13. Nf3 Qb6 14. Be3 Nd3 15.
b3 Rc8 16. a3 Rc2 17. Nc1 Nxc1 18. Rfxc1 Rxc1+ 19. Rxc1 Qb7 20. h4 g6 21. b4
Nb6 22. Bg5 a5 23. Bf6 Rg8 24. Ne1 Nc4 25. Qb3 Qb6 26. bxa5 Qxa5 27. Nd3 Kd7
28. Bg5 Bxa3 29. Rb1 Rb8 30. Ra1 b4 31. Nc5+ Kc6 32. Qf3 Qa7 33. Qf6 Re8 34.
Rb1 Bb2 35. Nd3 Rb8 36. Nxb2 Nxb2 37. Rxb2 Qa1+ 38. Kh2 Qxb2 39. Qxf7 Qxd4 40.
Qxe6+ Kb7 41. Qd7+ Ka6 42. Qa4+ 1/2-1/2